000 00383pab a2200145 454500
008 180718b1988 xxu||||| |||| 00| 0 eng d
100 _aGiriappa, S.
245 _aDicision roles by women in different rural and semi urban activities
260 _c1988
300 _a433-43
362 _aJul.
650 _aWomen - India
773 _aJournal of Rural Development
909 _a20907
999 _c20907
_d20907